[Event "Titled Tue 1st Jul Early"]
[Site "chess.com INT"]
[Date "2025.07.01"]
[Round "1"]
[White "Raptis, Nick"]
[Black "Mecit, Emre"]
[Result "1-0"]
[WhiteTitle "FM"]
[WhiteElo "2220"]
[BlackElo "2007"]
[WhiteFideId "2016850"]
[BlackFideId "6304214"]
[EventDate "2025.07.01"]

1. d4 Nf6 2. Nc3 d5 3. Bg5 e6 4. e4 dxe4 5. Nxe4 Nbd7 6. Nf3 Be7 7. Nxf6+ Nxf6
8. Bd3 h6 9. Bh4 O-O 10. Qe2 c5 11. dxc5 Qa5+ 12. c3 Qxc5 13. O-O Rd8 14. Rad1
b6 15. Bxf6 Bxf6 16. Be4 Rb8 17. Rxd8+ Bxd8 18. Rd1 Bc7 19. Nd4 Bd7 20. Nb3 Qe7
21. g3 Rd8 22. Kg2 Bc8 23. Nd4 Bd7 24. Bf3 Be8 25. Qa6 Bb8 26. Qe2 g6 27. h4 e5
28. Nc6 Bxc6 29. Bxc6 Rd6 30. Bd5 Kg7 31. c4 f5 32. h5 e4 33. Qe3 Qe5 34. b4 g5
35. Qd4 Qxd4 36. Rxd4 Kf6 37. Rd1 Ke5 38. a3 b5 39. Rc1 bxc4 40. Bxc4 Rc6 41.
Rc2 Bd6 42. Kf1 f4 43. g4 f3 44. Bb3 Rxc2 45. Bxc2 Kf4 46. Ke1 Be5 47. Kf1 Bb2
48. a4 Bc3 49. b5 Ba5 50. Bb1 Bb6 51. Bc2 e3 52. fxe3+ Bxe3 53. Bf5 Ke5 54. Bc8
Kd5 55. Bb7+ Kc5 56. Bxf3 Kb4 57. Bd1 Bf4 58. Ke2 Kc5 59. Kd3 Kd5 60. Bb3+ Ke5
61. a5 Kd6 62. Ke4 Bd2 63. b6 axb6 64. axb6 Kc6 65. Kf5 Bb4 66. Kg6 Bf8 67. Kf7
Bd6 68. Kg7 Kxb6 69. Kxh6 Be7 70. Kg6 Kc5 71. h6 1-0

[Event "Titled Tue 1st Jul Early"]
[Site "chess.com INT"]
[Date "2025.07.01"]
[Round "1"]
[White "Huseynova, Lala"]
[Black "Souleidis, Georgios"]
[Result "1-0"]
[WhiteTitle "WFM"]
[BlackTitle "IM"]
[WhiteElo "2045"]
[BlackElo "2418"]
[WhiteFideId "13431781"]
[BlackFideId "4206827"]
[EventDate "2025.07.01"]

1. e4 c5 2. Nf3 e6 3. d4 cxd4 4. Nxd4 Nf6 5. Nc3 Nc6 6. Ndb5 Bc5 7. Nd6+ Ke7 8.
Nc4 d5 9. Nd2 Re8 10. Bd3 Kf8 11. O-O Kg8 12. Nb3 Bb4 13. Bg5 Bxc3 14. bxc3 dxe4
15. Bxf6 Qxf6 16. Bxe4 Qxc3 17. Qh5 g6 18. Qh6 Qg7 19. Qe3 e5 20. Rad1 Be6 21.
Nc5 Bxa2 22. Nxb7 Nd4 23. Nd6 Rad8 24. Nxe8 Rxe8 25. Ra1 Bc4 26. Rfe1 a6 27. Bd3
Bxd3 28. Qxd3 Qf6 29. Rxa6 Qf4 30. Rd6 Rc8 31. c3 Ne6 32. Qe3 Qxe3 33. Rxe3 Nf4
34. g3 Ne6 35. Rdd3 f6 36. Kg2 Kf7 37. Rd7+ Kg8 38. Re7 Ng5 39. f4 exf4 40. gxf4
Nf7 41. Ra7 g5 42. Ree7 Nd6 43. Rg7+ Kh8 44. Rxh7+ Kg8 45. Rhg7+ Kh8 46. Rh7+
Kg8 47. fxg5 fxg5 48. Rhg7+ Kh8 49. Rxg5 Rxc3 50. Rh5+ Kg8 51. Rg5+ Kh8 52. Rd7
Ne4 53. Rd8+ Kh7 54. Rg4 Nf6 55. Rh4+ Kg6 56. Rh3 Rc2+ 57. Kf3 Rc3+ 58. Kg2 Rc2+
59. Kf1 Rc1+ 60. Ke2 Rc2+ 61. Rd2 Rc6 62. Rg3+ Kf5 63. Kf3 Rc3+ 64. Kg2 Rc1 65.
Rf2+ Ke6 66. Re3+ Kd6 67. Rxf6+ Kd5 68. Rf2 Rc8 69. Rd2+ Kc4 70. Rc2+ 1-0

[Event "Titled Tue 1st Jul Early"]
[Site "chess.com INT"]
[Date "2025.07.01"]
[Round "1"]
[White "Piliposyan, Robert"]
[Black "Zeliantsova, Kseniya"]
[Result "0-1"]
[WhiteTitle "IM"]
[BlackTitle "WFM"]
[WhiteElo "2415"]
[BlackElo "2062"]
[WhiteFideId "13309978"]
[BlackFideId "13512617"]
[EventDate "2025.07.01"]

1. b3 e5 2. Bb2 d6 3. c4 Nf6 4. e3 g6 5. Nf3 Bg7 6. d4 exd4 7. Nxd4 O-O 8. Be2
Nbd7 9. O-O a5 10. Nc3 Nc5 11. Ndb5 Bd7 12. Bf3 Bc6 13. Rb1 Qd7 14. Nd4 Bxf3 15.
Qxf3 a4 16. b4 Nd3 17. Ba3 Ne5 18. Qe2 Rfe8 19. h3 d5 20. cxd5 Nxd5 21. Rbc1
Nxc3 22. Rxc3 Nc6 23. Qd2 Nxd4 24. exd4 Qxd4 25. Rd3 Qb6 26. Rd7 c6 27. Qf4 Rf8
28. b5 c5 29. Qc4 Rac8 30. Qxa4 Bd4 31. Qc4 Rc7 32. Rxc7 Qxc7 33. Rc1 Qf4 34.
Bxc5 Qxf2+ 35. Kh1 Rc8 36. Rd1 Bxc5 37. Rf1 Qd4 38. Qxf7+ Kh8 39. Qxb7 Rf8 40.
Rxf8+ Bxf8 41. Qa8 Kg7 42. Qb7+ Kh6 43. Qf3 Qa1+ 44. Kh2 Bd6+ 45. g3 Qxa2+ 46.
Kh1 Qb1+ 47. Kh2 Qxb5 48. Qe3+ Kg7 49. Qa7+ Kf6 50. Qd4+ Be5 51. Qh4+ Ke6 52.
Qg4+ Kd6 53. Qd1+ Qd5 54. Qe2 Qb3 55. Qa6+ Kd5 56. Qa8+ Kc5 57. Qc8+ Kb4 58.
Qb7+ Kc3 59. Qxh7 Qc2+ 60. Kh1 Qd1+ 61. Kh2 Qd2+ 62. Kh1 Qe1+ 63. Kg2 Qxg3+ 64.
Kf1 Qf3+ 65. Kg1 Bd4+ 66. Kh2 Qf2+ 67. Kh1 Qf1+ 68. Kh2 Be5# 0-1

[Event "Titled Tue 1st Jul Early"]
[Site "chess.com INT"]
[Date "2025.07.01"]
[Round "1"]
[White "Negrean, Andrei"]
[Black "Storey, Charles H"]
[Result "0-1"]
[WhiteTitle "FM"]
[BlackTitle "FM"]
[WhiteElo "2352"]
[BlackElo "2102"]
[WhiteFideId "1291513"]
[BlackFideId "406686"]
[EventDate "2025.07.01"]

1. d4 g6 2. e4 Bg7 3. Nc3 c5 4. dxc5 Bxc3+ 5. bxc3 Nf6 6. e5 Ne4 7. Qd4 Qa5 8.
Ne2 Nxc5 9. e6 f6 10. exd7+ Bxd7 11. Be3 b6 12. Qb4 Nc6 13. Qxa5 Nxa5 14. Nd4 e5
15. Nb3 Nab7 16. Bc4 Rc8 17. Bd5 Bc6 18. c4 Ne4 19. O-O Bxd5 20. cxd5 Rxc2 21.
Rfc1 Rxc1+ 22. Rxc1 Kd7 23. f3 Ned6 24. Kf2 Rc8 25. Rxc8 Kxc8 26. Ke2 Kd7 27.
Kd3 Nf5 28. Bd2 Kd6 29. g4 Ne7 30. Bb4+ Kd7 31. Kc4 Nd6+ 32. Bxd6 Kxd6 33. Nd2
Nxd5 34. Ne4+ Kc6 35. a4 a6 36. h4 b5+ 37. axb5+ axb5+ 38. Kd3 h6 39. Ng3 Nf4+
40. Kc3 Kd5 41. Ne4 f5 42. gxf5 gxf5 43. Ng3 Ke6 44. Kb4 Ng6 45. Ne2 Nxh4 46. f4
Ng6 47. fxe5 Kxe5 48. Kxb5 f4 49. Kc4 f3 50. Nc1 Ke4 51. Kc3 Ke3 52. Nb3 f2 53.
Nd2 Ke2 54. Ne4 f1=Q 55. Ng3+ Kf2 56. Nxf1 Kxf1 57. Kd3 Kg2 58. Ke3 Kg3 59. Ke2
h5 60. Kf1 Kh2 61. Kf2 h4 62. Kf3 Ne5+ 63. Kf2 Nd3+ 64. Kf3 h3 65. Ke3 Kg2 66.
Kxd3 h2 67. Ke3 h1=Q 68. Kd4 Qe1 69. Kd3 Qe5 70. Kc4 Kf3 71. Kd3 Qd5+ 72. Kc3
Ke3 73. Kc2 Qc5+ 74. Kd1 Qc8 0-1

[Event "Titled Tue 1st Jul Early"]
[Site "chess.com INT"]
[Date "2025.07.01"]
[Round "1"]
[White "Khoo-Thwe, Louis"]
[Black "Pakleza, Zbigniew"]
[Result "0-1"]
[WhiteTitle "CM"]
[BlackTitle "GM"]
[WhiteElo "2232"]
[BlackElo "2484"]
[WhiteFideId "1538756"]
[BlackFideId "1119290"]
[EventDate "2025.07.01"]

1. e4 d6 2. d4 Nf6 3. Nc3 c6 4. Be3 Qb6 5. Qd2 Qxb2 6. Rb1 Qa3 7. Nf3 e6 8. Bd3
Be7 9. O-O Qa5 10. e5 dxe5 11. dxe5 Nd5 12. Nxd5 Qxd2 13. Bxd2 exd5 14. Nd4 a6
15. Nf5 Bxf5 16. Bxf5 b5 17. Ba5 g6 18. Bd3 Nd7 19. Rfe1 Nc5 20. Bf1 Ne6 21. g3
O-O 22. f4 Rfe8 23. Bh3 Bd8 24. Bd2 Bb6+ 25. Kg2 c5 26. f5 Nd4 27. fxg6 hxg6 28.
c3 Ne6 29. Bg4 Kg7 30. h4 d4 31. cxd4 Nxd4 32. Rf1 Rxe5 33. Bg5 f5 34. Bf4 Re6
35. Bd1 Ne2 36. Bd2 Rd8 37. Rb2 Red6 38. Bg5 Nd4 39. Bxd8 Rxd8 40. h5 c4 41. Rb1
c3 42. Rc1 b4 43. hxg6 Kxg6 44. Rh1 Ne6 45. Rc2 Ng5 46. Bf3 a5 47. Bh5+ Kf6 48.
Bf3 Rd2+ 49. Rxd2 cxd2 50. Rh6+ Ke5 51. Bd1 Be3 52. Ra6 Ne4 53. Rxa5+ Kd4 54.
Rxf5 Nc3 55. Bc2 Nxa2 56. g4 Nc1 57. g5 b3 58. Bd1 b2 59. Rb5 Kc3 60. g6 Bd4 61.
Kf3 Na2 62. Ke4 Nb4 63. Rb7 b1=Q+ 64. Kf3 Qf5+ 65. Kg3 Qxg6+ 66. Kh2 Be5+ 67.
Kh3 Qd3+ 68. Kg4 Qe4+ 69. Kg5 Qxb7 70. Kg6 Qe7 71. Bf3 Qf6+ 72. Kh5 Qxf3+ 73.
Kg6 Qf6+ 74. Kh7 Qg7# 0-1

[Event "Titled Tue 1st Jul Early"]
[Site "chess.com INT"]
[Date "2025.07.01"]
[Round "1"]
[White "Goldin, Roman"]
[Black "Piesik, Piotr"]
[Result "0-1"]
[WhiteTitle "FM"]
[BlackTitle "IM"]
[WhiteElo "2284"]
[BlackElo "2436"]
[WhiteFideId "2803860"]
[BlackFideId "1136194"]
[EventDate "2025.07.01"]

1. e4 g6 2. d4 Bg7 3. Nc3 c6 4. Bc4 b5 5. Bb3 b4 6. Na4 d5 7. exd5 cxd5 8. Nf3
Nf6 9. h3 Ba6 10. Nc5 Bb5 11. a4 bxa3 12. Rxa3 O-O 13. Nd3 Nc6 14. Ba4 Bxa4 15.
Rxa4 Ne4 16. O-O e6 17. Nfe5 Nxe5 18. dxe5 Qc7 19. Bf4 Rfc8 20. c3 Rcb8 21. f3
Nc5 22. Ra2 Nxd3 23. Qxd3 Bxe5 24. Bxe5 Qxe5 25. Rfa1 Qc7 26. Qd4 a5 27. h4 Qb6
28. Rd1 Qxd4+ 29. Rxd4 Rb5 30. b4 a4 31. Kf2 Rc8 32. Rd3 Ra8 33. Ke3 Kf8 34. Kd2
Ke7 35. Kc2 Rb7 36. Kb2 Rc7 37. Ka3 Rc4 38. g3 Kd6 39. Re2 Kc6 40. Ree3 Kb5 41.
g4 Rac8 42. Kb2 Kb6 43. Re5 d4 44. Rxd4 Rxc3 45. Rd6+ R8c6 46. Rxc6+ Rxc6 47. h5
Rc4 48. Ka3 Rc3+ 49. Kxa4 Rxf3 50. hxg6 hxg6 51. Re4 Rc3 52. Re5 Rc4 53. g5 Rc1
54. Kb3 Kc6 55. Ka4 Ra1+ 56. Kb3 Kd6 57. Rb5 Rf1 58. Kc4 Rf4+ 59. Kc3 Rf5 60.
Kc4 Rxb5 61. Kxb5 Kd5 62. Ka6 e5 63. b5 e4 64. b6 e3 65. b7 e2 66. b8=Q e1=Q 67.
Qd8+ Kc4 68. Qc7+ Kd3 69. Qxf7 Qe4 70. Kb6 Ke3 71. Kc7 Qe5+ 72. Kd8 Qxg5+ 73.
Ke8 Qf5 74. Qe7+ Qe4 0-1

[Event "Titled Tue 1st Jul Early"]
[Site "chess.com INT"]
[Date "2025.07.01"]
[Round "1"]
[White "Povshednyi, Ivan"]
[Black "Auribault, Louis"]
[Result "0-1"]
[WhiteTitle "FM"]
[BlackTitle "FM"]
[WhiteElo "2307"]
[BlackElo "2114"]
[WhiteFideId "14190907"]
[BlackFideId "45196591"]
[EventDate "2025.07.01"]

1. Nf3 d5 2. g3 Nf6 3. Bg2 c6 4. c4 dxc4 5. O-O Nbd7 6. Qc2 Nb6 7. Na3 Be6 8. b3
cxb3 9. axb3 g6 10. Nc4 Bg7 11. Na5 Qc7 12. Bb2 O-O 13. Be5 Qd7 14. d3 Nbd5 15.
Rfc1 Rfc8 16. Nd4 Bh3 17. Bf3 Bg4 18. Bg2 Bh3 19. Bf3 c5 20. Qb2 cxd4 21. Bxd4
Bg4 22. Bg2 Nh5 23. Bxg7 Nxg7 24. Nc4 Bh3 25. Bh1 Nf6 26. b4 Ne6 27. b5 Qd4 28.
Qd2 Nc5 29. Rab1 Ng4 30. Qf4 Qxf4 31. gxf4 Rab8 32. Rc2 Nf6 33. Ra2 a6 34. Ra5
axb5 35. Raxb5 Be6 36. Nb6 Rc7 37. Bf3 Rd8 38. h4 Nd5 39. Bxd5 Bxd5 40. Rc1 Ne6
41. Rxc7 Nxc7 42. Rb2 Bc6 43. f3 Nd5 44. Nc4 Nxf4 45. Kf2 Ne6 46. Na5 f6 47. Ke3
Rd5 48. Nc4 b5 49. Na5 Re5+ 50. Kf2 Bd7 51. Rc2 Rh5 52. Kg3 g5 53. hxg5 Rxg5+
54. Kh2 Nf4 55. e3 Nxd3 56. Rc7 Be8 57. Rxe7 Bf7 58. Nc6 Rc5 59. Nd8 Ne5 60. Ra7
Rc8 61. Nb7 Rc7 62. Ra8+ Kg7 63. Nd6 Rd7 64. Nf5+ Kg6 65. Nh4+ Kh5 66. Kg3 Bd5
67. Ng2 Bxa8 68. Nf4+ Kh6 69. Ne6 Rd6 70. Nc5 Bc6 71. Nb3 Nxf3 72. Nd4 Nxd4 73.
Kh4 Nf5+ 74. Kg4 Nxe3+ 75. Kf4 Nd5+ 76. Ke4 Re6+ 77. Kd4 f5 78. Kc5 Ba8 79. Kd4
f4 80. Kc5 f3 81. Kd4 f2 82. Kc5 f1=Q 83. Kd4 Qc4# 0-1

[Event "Titled Tue 1st Jul Early"]
[Site "chess.com INT"]
[Date "2025.07.01"]
[Round "1"]
[White "Priansh, Das"]
[Black "Boyer, Mahel"]
[Result "1/2-1/2"]
[WhiteTitle "FM"]
[BlackTitle "GM"]
[WhiteElo "2305"]
[BlackElo "2542"]
[WhiteFideId "45029946"]
[BlackFideId "45102422"]
[EventDate "2025.07.01"]

1. e4 Nc6 2. d4 d5 3. e5 Bf5 4. c3 e6 5. Bd3 Nge7 6. g4 Bxd3 7. Qxd3 h5 8. g5 h4
9. Ne2 Nf5 10. g6 f6 11. f4 Qd7 12. Nd2 O-O-O 13. Nf3 Rh6 14. Rg1 Nce7 15. Bd2
Rxg6 16. O-O-O Qa4 17. Kb1 a6 18. b3 Qb5 19. Qxb5 axb5 20. Rxg6 Nxg6 21. Rg1
Nge7 22. Rg4 Kd7 23. Nxh4 Nxh4 24. Rxh4 Nf5 25. Rh8 Be7 26. Rxd8+ Bxd8 27. Kc2
fxe5 28. fxe5 Bh4 29. Nf4 Ke7 30. Ng6+ Kf7 31. Nh8+ Kg8 32. Ng6 Bf2 33. Kd3 Kf7
34. Nh8+ Kg8 35. Ng6 c5 36. dxc5 Bxc5 37. a4 bxa4 38. bxa4 Kf7 39. Nh8+ Ke8 40.
Ng6 Bg1 41. h3 Ng3 42. Be3 Bxe3 43. Kxe3 b6 44. Kd3 Kf7 45. Nh8+ Ke7 46. Ng6+
Kd7 47. Nf8+ Ke7 48. Ng6+ Ke8 49. c4 dxc4+ 50. Kxc4 Ne4 51. Kb5 Nc3+ 52. Kxb6
Nxa4+ 53. Kc6 Kf7 54. Nh8+ Ke7 55. Ng6+ Kf7 56. Nh8+ Kg8 57. Ng6 Nc3 58. Kd7 Kf7
59. Nf4 Ne4 60. Nxe6 g5 61. Nd4 Nc5+ 62. Kd6 Ne4+ 63. Kd5 Nc3+ 64. Kc6 Nd1 65.
Kd7 Ne3 66. e6+ Kg7 67. e7 Nd5 68. e8=Q Nf6+ 69. Ke7 Nxe8 70. Kxe8 Kf6 71. Nf3
Kf5 72. Kf7 g4 73. Nd4+ Kg5 74. Ne6+ Kh4 75. hxg4 Kxg4 1/2-1/2

[Event "Titled Tue 1st Jul Early"]
[Site "chess.com INT"]
[Date "2025.07.01"]
[Round "1"]
[White "Gogolev, Artem"]
[Black "Terlouw, Wouter"]
[Result "1-0"]
[WhiteTitle "IM"]
[BlackTitle "CM"]
[WhiteElo "2240"]
[BlackElo "2246"]
[WhiteFideId "4116615"]
[BlackFideId "1087401"]
[EventDate "2025.07.01"]

1. d4 c6 2. c4 d5 3. Nf3 Nf6 4. g3 Bf5 5. Qb3 Qb6 6. c5 Qxb3 7. axb3 e6 8. Nc3
Be7 9. b4 Na6 10. b5 Nb4 11. Ra4 a5 12. Bf4 O-O 13. Bg2 Nc2+ 14. Kd2 cxb5 15.
Nxb5 Ne4+ 16. Kc1 Nxf2 17. Rf1 Ng4 18. Kd2 h6 19. Bc7 Nce3 20. Rg1 Nxg2 21. Rxg2
Bd8 22. Rg1 Nf6 23. Rga1 Ne4+ 24. Ke3 Bxc7 25. Nxc7 Rac8 26. Nb5 b6 27. cxb6 Rc2
28. Rxa5 Rxb2 29. Ne5 Rb3+ 30. Nd3 Rb8 31. Ra8 Rxa8 32. Rxa8+ Kh7 33. b7 Rxb5
34. b8=Q Rxb8 35. Rxb8 Nd6 36. Kf3 Bxd3 37. exd3 Nf5 38. Rb4 g5 39. h3 Kg6 40.
g4 Nd6 41. Rb6 Ne8 42. Rc6 Nf6 43. Rc8 Kg7 44. Kg3 Nd7 45. Rc6 Nb8 46. Rd6 Kf6
47. h4 Ke7 48. Rb6 Nd7 49. Rb7 Ke8 50. Ra7 Nf6 51. Ra8+ Ke7 52. h5 Ne8 53. Kf3
f6 54. Ra7+ Kf8 55. Ke3 Nd6 56. Rd7 Nf7 57. Kd2 Ke8 58. Ra7 e5 59. Ra8+ Ke7 60.
Ra7+ Ke8 61. Ke3 Nd6 62. Rh7 Nf7 63. dxe5 fxe5 64. d4 e4 65. Rg7 Kf8 66. Rg6 Ke7
67. Ra6 Kd7 68. Ra7+ Ke6 69. Ra6+ Ke7 70. Ra5 Ke6 71. Kd2 Nd6 72. Kc3 Nf7 73.
Ra6+ Ke7 74. Rg6 Kd7 75. Kb4 Ke7 76. Kc3 Kd7 77. Ra6 Ke7 78. Kb4 Nd6 79. Kc5 e3
80. Kxd5 e2 81. Ra1 Nb5 82. Re1 Kd7 83. Kc4 Nd6+ 84. Kd3 Ne8 85. Rxe2 Nf6 86.
Rg2 Kd6 87. Ke3 Kd5 88. Kf3 Kxd4 89. Ra2 Ke5 90. Ra6 Ng8 91. Rg6 Ne7 92. Rxh6
Nd5 93. Rg6 1-0

[Event "Titled Tue 1st Jul Early"]
[Site "chess.com INT"]
[Date "2025.07.01"]
[Round "1"]
[White "Tekeyev, Zaur"]
[Black "Anakok, Deniz"]
[Result "1-0"]
[WhiteTitle "IM"]
[BlackTitle "CM"]
[WhiteElo "2407"]
[BlackElo "2129"]
[WhiteFideId "4199731"]
[BlackFideId "51603586"]
[EventDate "2025.07.01"]

1. e4 c5 2. Nf3 e6 3. c3 Nf6 4. e5 Nd5 5. g3 Nc6 6. Bg2 d6 7. exd6 Qxd6 8. O-O
Be7 9. d4 cxd4 10. Nxd4 Nxd4 11. Qxd4 Bf6 12. Qd1 O-O 13. c4 Qb4 14. cxd5 Bxb2
15. Bxb2 Qxb2 16. Nd2 exd5 17. Nb3 Be6 18. Qd4 Qa3 19. Nc5 Rac8 20. Nxe6 fxe6
21. Rae1 Rf6 22. Re2 Rc4 23. Qe5 Rc8 24. Rfe1 Qb4 25. Bh3 Re8 26. Qc7 Qd4 27.
Qxb7 Ref8 28. Qb2 Qc5 29. Bxe6+ Kh8 30. Bh3 d4 31. Rd1 Qh5 32. Bf1 Rb6 33. Qxd4
h6 34. Red2 Rbf6 35. h4 Qa5 36. Rc1 Qa3 37. Rc3 Qa5 38. Rcd3 Qc7 39. Qc3 Qb6 40.
Rd4 Rf3 41. Qb4 Qf6 42. Qxf8+ Qxf8 43. Rd8 Rxf2 44. Rxf8+ Rxf8 45. Rb2 Rf3 46.
Kg2 Ra3 47. Be2 Kh7 48. Bc4 Kg6 49. Bb3 Kf6 50. Rc2 Ra6 51. Rc4 Rd6 52. Rf4+ Ke5
53. Ra4 a6 54. Kf3 Rf6+ 55. Kg4 g6 56. Ra5+ Kd4 57. Rd5+ Kc3 58. Rd8 h5+ 59. Kg5
Rb6 60. Rc8+ Kb2 61. Rg8 a5 62. Rxg6 Rb5+ 63. Kh6 Rc5 64. Rg5 Rc3 65. Kxh5 a4
66. Bxa4 Kxa2 67. Bd7 Ka3 68. Bf5 Rc5 69. g4 Kb4 70. Rg8 Rc7 71. Rc8 Rg7 72. Kh6
Ra7 73. h5 Ra6+ 74. Kg5 Rd6 75. h6 Rd1 76. h7 Rh1 77. h8=Q Rxh8 78. Rxh8 Kc5 79.
Re8 Kd6 80. Kf6 Kd5 81. g5 Kd6 82. g6 Kd5 83. g7 Kd6 84. g8=Q Kc5 85. Qg1+ Kd5
86. Qd1+ Kc6 87. Rc8+ Kb7 88. Qb3+ Ka7 89. Qb8+ Ka6 90. Bd3+ Ka5 91. Rc5+ Ka4
92. Qb5+ Ka3 93. Rc3+ Ka2 94. Bc4+ Ka1 95. Ra3# 1-0

[Event "Titled Tue 1st Jul Early"]
[Site "chess.com INT"]
[Date "2025.07.01"]
[Round "1"]
[White "Matyassy, Lazar"]
[Black "Ilkhomi, Jaloliddin"]
[Result "0-1"]
[WhiteTitle "FM"]
[BlackTitle "FM"]
[WhiteElo "2251"]
[BlackElo "2315"]
[WhiteFideId "17005167"]
[BlackFideId "14700948"]
[EventDate "2025.07.01"]

1. h3 d5 2. a3 Nf6 3. e3 c5 4. d4 Nc6 5. Nf3 Bf5 6. Bb5 e6 7. O-O Rc8 8. dxc5
Bxc5 9. b4 Bb6 10. Bb2 O-O 11. Nbd2 Bc7 12. Bxc6 bxc6 13. Be5 Bb6 14. c4 Bd3 15.
c5 Bxf1 16. cxb6 Ba6 17. bxa7 Ra8 18. Bd4 Nd7 19. Nb3 Re8 20. Nc5 e5 21. Nxe5
Nxe5 22. Nxa6 Nc4 23. a4 Nb6 24. Nc5 Nc8 25. b5 cxb5 26. axb5 Rxa7 27. Rb1 Nb6
28. Qg4 f6 29. h4 Rae7 30. h5 Rf7 31. Qg3 Nc4 32. Nd3 Qc7 33. Qg4 Nd2 34. Rb2
Ne4 35. b6 Qc8 36. Qxc8 Rxc8 37. f3 Nd6 38. Nc5 Nb7 39. Na6 Rc6 40. Nc7 Rd7 41.
h6 gxh6 42. Rb5 Kf7 43. Nxd5 Nd6 44. Rb4 Nf5 45. Nxf6 Rb7 46. Nd5 Nxd4 47. exd4
Rd6 48. Rb5 Ke6 49. Nf4+ Kd7 50. d5 Rbxb6 51. Rxb6 Rxb6 52. Kf2 Kd6 53. Kg3 Ke5
54. Kg4 Rb4 55. g3 Rb3 56. Nh5 Kxd5 57. Nf6+ Ke6 58. Ne4 Ke5 59. Nf2 Rb4+ 60.
f4+ Kf6 61. Nd3 Rd4 62. Ne5 Ra4 63. Nf3 Ra3 64. Ne5 Ke6 65. Nf3 Ra7 66. Nd4+ Kf6
67. Nc6 Rg7+ 68. Kf3 Kf5 69. Nd4+ Kf6 70. Nc6 h5 71. Ne5 Kf5 72. Nc6 Rd7 73. Ne5
Rc7 74. Kg2 Rc2+ 75. Kh3 Rc1 76. Nf3 Ra1 77. Kg2 Kg4 78. Ne5+ Kf5 79. Nf3 Ke4
80. Nh4 Ke3 81. Kh3 Kf2 82. Kh2 Rg1 83. Nf5 h4 84. Nxh4 Rxg3 85. Nf5 Rf3 86. Ng7
Rxf4 87. Kh3 Kf3 88. Nh5 Rf5 89. Ng3 Rg5 90. Nh1 Rh5# 0-1

[Event "Titled Tue 1st Jul Early"]
[Site "chess.com INT"]
[Date "2025.07.01"]
[Round "1"]
[White "Bernat, David"]
[Black "Campos Gomez, Manuel"]
[Result "1/2-1/2"]
[BlackTitle "IM"]
[WhiteElo "1917"]
[BlackElo "2359"]
[WhiteFideId "2099225"]
[BlackFideId "4444710"]
[EventDate "2025.07.01"]

1. c4 e6 2. e4 d5 3. cxd5 exd5 4. exd5 Nf6 5. Bb5+ Bd7 6. Bc4 b5 7. Qe2+ Qe7 8.
Bb3 Na6 9. d4 Nb4 10. Nc3 Nd3+ 11. Kf1 Nxc1 12. Rxc1 O-O-O 13. Nf3 Qxe2+ 14.
Nxe2 Bd6 15. Ne5 Be8 16. Nc6 Bxc6 17. dxc6 Ne4 18. f3 Nd2+ 19. Kf2 Nxb3 20. axb3
Bb4 21. Ra1 a5 22. Rhd1 Rd6 23. d5 Bc5+ 24. Kf1 Bb6 25. b4 Kb8 26. bxa5 Be3 27.
Nc3 Rh6 28. Nxb5 Rxh2 29. a6 Re8 30. a7+ Bxa7 31. Nxa7 Rh1+ 32. Kf2 Rxd1 33.
Rxd1 Kxa7 34. d6 cxd6 35. Rxd6 Kb6 36. Rd7 Kxc6 37. Rxf7 Rb8 38. Rxg7 Rxb2+ 39.
Kg3 Kd6 40. Rxh7 Ke6 41. Ra7 Kf6 42. Ra6+ Kg5 43. Ra5+ Kg6 44. Kh3 Rb1 45. g4
Rb3 46. Kg3 Kf6 47. Rd5 Kg6 48. Re5 Kf6 49. Rf5+ Kg6 50. Re5 Kf6 51. Re4 Kg6 52.
Kf4 Rb6 53. Kg3 Rb3 54. Kf4 Rb6 55. Rd4 Re6 56. Rd5 Rf6+ 57. Ke4 Rb6 58. f4 Rb4+
59. Ke5 Kf7 60. g5 Kg6 61. Rd6+ Kh5 62. Rh6+ Kg4 63. g6 Rb5+ 64. Kf6 Kxf4 65. g7
Rb6+ 66. Kf7 Rxh6 67. g8=Q Rh5 68. Qb8+ Kg4 69. Qb4+ Kf3 70. Qb7+ Kf4 71. Qg2
Rf5+ 72. Ke6 Re5+ 73. Kd6 Rf5 74. Qh2+ Kg4 75. Qe2+ Kg5 76. Qg2+ Kf4 77. Qd2+
Kg4 78. Ke6 Rf3 79. Qe2 Kg3 80. Qe5+ Kf2 81. Qh2+ Ke3 82. Ke5 Rf2 83. Qg3+ Ke2
84. Qg4+ Ke1 85. Ke4 Re2+ 86. Kd3 Rf2 87. Qg3 Kf1 88. Ke3 Re2+ 89. Kf3 Re3+ 90.
Kxe3 1/2-1/2

[Event "Titled Tue 1st Jul Early"]
[Site "chess.com INT"]
[Date "2025.07.01"]
[Round "1"]
[White "Dovgaliuk, Oleksandr"]
[Black "Weetik, Vjacheslav"]
[Result "1-0"]
[BlackTitle "FM"]
[WhiteElo "2174"]
[BlackElo "2423"]
[WhiteFideId "14167247"]
[BlackFideId "4153472"]
[EventDate "2025.07.01"]

1. e4 c6 2. Nf3 d5 3. Nc3 dxe4 4. Nxe4 Nf6 5. Nxf6+ exf6 6. d4 Bd6 7. c3 O-O 8.
Bd3 Re8+ 9. Be3 Nd7 10. O-O Nf8 11. Qd2 Ng6 12. a4 Bg4 13. Ne1 Qc7 14. g3 f5 15.
f4 Re7 16. Ng2 Rae8 17. Rfe1 h5 18. h4 c5 19. d5 c4 20. Bc2 Bc5 21. Kh2 Bf3 22.
Bxc5 Qxc5 23. d6 Re2 24. d7 Rxd2 25. dxe8=Q+ Kh7 26. Rg1 Rxc2 27. Raf1 Be4 28.
Kh3 Rxb2 29. Qxf7 Qc6 30. Ne3 Re2 31. Re1 Ra2 32. Qxc4 Qxc4 33. Nxc4 Rxa4 34.
Nd6 Bf3 35. Ra1 Bg4+ 36. Kh2 Rxa1 37. Rxa1 a6 38. Nxb7 Be2 39. Nc5 Ne7 40. Nxa6
Nd5 41. Nb4 Nxc3 42. Re1 Bg4 43. Re7 Nb5 44. Kg2 Nd4 45. Kf2 Kg6 46. Nd5 Nc6 47.
Rc7 Nd4 48. Ne7+ Kf6 49. Ra7 Nb5 50. Rb7 Nd6 51. Rd7 Ke6 52. Rc7 Nb5 53. Rb7 Nd6
54. Ra7 Nb5 55. Ra5 Nc3 56. Nc6 Ne4+ 57. Kg2 Bd1 58. Ne5 Kf6 59. Ra6+ Ke7 60.
Rg6 Bc2 61. Rxg7+ Ke6 62. Rg6+ Kd5 63. Kf3 Nd2+ 64. Ke2 Ne4 65. Rh6 Nxg3+ 66.
Kf3 Ne4 67. Ke3 Bd1 68. Rh8 Ng3 69. Rd8+ Ke6 70. Re8+ Kf6 71. Rf8+ Ke6 72. Nf3
Ne4 73. Ng5+ Ke7 74. Rxf5 Ng3 75. Re5+ Kf6 76. Re6+ Kf5 77. Ra6 Bg4 78. Ra5+ Kf6
79. Kd4 Ne2+ 80. Ke3 Nc3 81. Re5 Nd1+ 82. Kd2 Nf2 83. Ra5 Kg6 84. Ke3 Nd1+ 85.
Kd4 Nf2 86. Ra6+ Kf5 87. Ke3 Nd1+ 88. Kd2 Kxf4 89. Ra4+ Kg3 90. Ne4+ Kxh4 91.
Nf6 Nf2 92. Ke3 Nd1+ 93. Kf4 Nf2 94. Nxg4 Nxg4 95. Kf5 Kg3 96. Rf4 Ne3+ 97. Ke4
Ng2 98. Rf3+ Kg4 99. Rf2 Kg3 100. Rf3+ Kg4 101. Rf8 h4 102. Rg8+ Kh3 103. Kf3
Ne1+ 104. Ke2 Nd3 105. Kxd3 Kh2 106. Ke2 h3 107. Kf2 Kh1 108. Rg1+ Kh2 109. Rg3 1-0

[Event "Titled Tue 1st Jul Early"]
[Site "chess.com INT"]
[Date "2025.07.01"]
[Round "2"]
[White "Skytte, Robert"]
[Black "Le, Minh Tu"]
[Result "0-1"]
[WhiteTitle "CM"]
[BlackTitle "FM"]
[WhiteElo "2000"]
[BlackElo "1932"]
[WhiteFideId "1471775"]
[BlackFideId "12404888"]
[EventDate "2025.07.01"]

1. e4 c5 2. Nf3 e6 3. d4 cxd4 4. Nxd4 a6 5. c4 Nf6 6. Nc3 Bb4 7. Bg5 Qa5 8. Bxf6
Bxc3+ 9. bxc3 Qxc3+ 10. Ke2 gxf6 0-1

[Event "Titled Tue 1st Jul Early"]
[Site "chess.com INT"]
[Date "2025.07.01"]
[Round "2"]
[White "Bukreev, Stanislav"]
[Black "Klys, Kacper"]
[Result "1-0"]
[WhiteTitle "FM"]
[BlackTitle "CM"]
[WhiteElo "2305"]
[BlackElo "2124"]
[WhiteFideId "34252347"]
[BlackFideId "21005281"]
[EventDate "2025.07.01"]

1. d4 Nf6 2. c4 e6 3. Nf3 a6 4. Nc3 d5 5. cxd5 exd5 6. Bg5 Be6 7. e3 Nbd7 8. Bd3
h6 9. Bf4 Nh5 10. h3 Nxf4 11. exf4 c5 12. f5 cxd4 13. Nxd4 Bc5 14. fxe6 Bxd4 15.
exd7+ Qxd7 16. Qe2+ Kd8 17. O-O 1-0

[Event "Titled Tue 1st Jul Early"]
[Site "chess.com INT"]
[Date "2025.07.01"]
[Round "2"]
[White "Babayeva, Nasrin"]
[Black "Zaw, Ye Htut"]
[Result "0-1"]
[WhiteTitle "WFM"]
[BlackTitle "CM"]
[WhiteElo "1936"]
[BlackElo "2074"]
[WhiteFideId "13416626"]
[BlackFideId "13013955"]
[EventDate "2025.07.01"]

1. c4 f5 2. g3 e6 3. Bg2 c6 4. d4 d5 5. b3 Nf6 6. Bb2 Be7 7. Nf3 O-O 8. O-O Ne4
9. Nc3 Nd7 10. Nd2 Bf6 11. f3 Bxd4+ 12. Kh1 Bxc3 13. fxe4 Bxb2 14. Rb1 Be5 15.
exd5 exd5 16. cxd5 cxd5 17. Bxd5+ Kh8 18. Nc4 Bf6 19. Rxf5 Nb6 20. Nxb6 Bxf5 21.
Nxa8 Bxb1 0-1